Statistics for Every WNBA Team Ever

Click here to take the quiz!

General Stats

  • This quiz has been taken 82 times
  • The average score is 15 of 24

Answer Stats

Answer% Correct
Seattle Storm
92%
New York Liberty
86%
Los Angeles Sparks
83%
Atlanta Dream
81%
Washington Mystics
80%
Chicago Sky
78%
Dallas Wings
76%
Phoenix Mercury
76%
Connecticut Sun
75%
Las Vegas Aces
75%
Minnesota Lynx
73%
San Antonio Silver Stars
73%
Indiana Fever
71%
Tulsa Shock
69%
Detroit Shock
66%
Houston Comets
58%
San Antonio Stars
46%
Sacramento Monarchs
39%
Charlotte Sting
36%
Cleveland Rockers
34%
Miami Sol
32%
Utah Starzz
31%
Portland Fire
25%
Orlando Miracle
19%

Score Distribution

Percentile by Number Answered

Percent of People with Each Score

Your Score History

You have not taken this quiz